00341nas a2200157 4500000000100000008004100001260001300042653001100055653001000066653001200076100001400088245005200102300000800154490000700162022001400169 1984 d c1984 Jan10aHumans10aIndia10aleprosy1 aDutta A K00aLeprosy: a need for multidisciplinary approach. a7-90 v29 a0019-5154